Missionary Minthangte / (Record no. 5552)

MARC details
000 -LEADER
fixed length control field 00502nam a22001697a 4500
003 - CONTROL NUMBER IDENTIFIER
control field GBCCL
005 - DATE AND TIME OF LATEST TRANSACTION
control field 20241126110544.0
008 - FIXED-LENGTH DATA ELEMENTS--GENERAL INFORMATION
fixed length control field 180327b ||||| |||| 00| 0 eng d
040 ## - CATALOGING SOURCE
Transcribing agency gbc
082 ## - DEWEY DECIMAL CLASSIFICATION NUMBER
Classification number VER 266.00922
Item number MIS
245 ## - TITLE STATEMENT
Title Missionary Minthangte /
Statement of responsibility, etc. Compiled by Missions Committee, EBC Lamphelpat
260 ## - PUBLICATION, DISTRIBUTION, ETC.
Place of publication, distribution, etc. Lamphelpat:
Name of publisher, distributor, etc. Missions Committee, EBC Lamphelpat,
Date of publication, distribution, etc. 2001
300 ## - PHYSICAL DESCRIPTION
Extent 79 p.;
Dimensions 18 cm.
650 ## - SUBJECT ADDED ENTRY--TOPICAL TERM
Topical term or geographic name entry element Christian Biography
9 (RLIN) 1119
650 ## - SUBJECT ADDED ENTRY--TOPICAL TERM
Topical term or geographic name entry element Missionaries
9 (RLIN) 3863
942 ## - ADDED ENTRY ELEMENTS (KOHA)
Source of classification or shelving scheme Dewey Decimal Classification
Koha item type Books
Koha issues (borrowed), all copies 7
Holdings
Withdrawn status Lost status Source of classification or shelving scheme Damaged status Not for loan Collection Home library Current Library Shelving location Date acquired Total checkouts Total renewals Full call number Barcode Date last seen Date last checked out Copy number Price effective from Koha item type
    Dewey Decimal Classification       GRACE BIBLE COLLEGE GRACE BIBLE COLLEGE Vernacular 2018-03-27 5 1 VER 266.00922 MIS 006158 2025-10-07 2025-09-30 c.1 2018-03-27 Books
    Dewey Decimal Classification       GRACE BIBLE COLLEGE GRACE BIBLE COLLEGE Vernacular 2018-03-27 2   VER 266.00922 MIS 006159 2025-08-14 2025-08-08 c.2 2018-03-27 Books
    Dewey Decimal Classification       GRACE BIBLE COLLEGE GRACE BIBLE COLLEGE Vernacular 2018-03-27 6 1 VER 266.00922 MIS 006167 2025-11-04 2025-08-21 c.3 2018-03-27 Books
    Dewey Decimal Classification       GRACE BIBLE COLLEGE GRACE BIBLE COLLEGE Vernacular 2018-07-19 11 1 VER 266.00922 MIS 013439 2025-09-17 2025-09-10 c.4 2018-07-19 Books
© Grace Bible College Library 2025